[Event "Biel-14 Women"]
[Site "Biel"]
[Date "1981.08.05"]
[Round "11"]
[White "Thygesen, Else MS"]
[Black "Hund, Isabel"]
[Result "1-0"]
[WhiteElo "1890"]
[BlackElo "1840"]
[PlyCount "73"]
[EventDate "1981.07.24"]
[EventType "tourn"]
[EventRounds "13"]
[EventCountry "SUI"]
[SourceTitle "EXT 1998"]
[Source "ChessBase"]
[SourceDate "1997.11.17"]
[SourceVersion "1"]
[SourceVersionDate "1997.11.17"]
[SourceQuality "1"]

1. d4 Nf6 2. c4 g6 3. Nc3 d5 4. Nf3 Bg7 5. Bg5 Ne4 6. cxd5 Nxg5 7. Nxg5 e6 8. Qd2 exd5 9. Qe3+ Kf8 10. Qf4 Bf6 11. h4 Kg7 12. e4 h6 13. e5 Bxg5 14. hxg5 c6 15. gxh6+ Kg8 16. h7+ Kf8 17. Bd3 Ke8 18. Qh6 Qe7 19. 0-0-0 Qf8 20. Qh4 Qg7 21. f4 Nd7 22. f5 Nf8 23. fxg6 fxg6 24. Qg5 Rxh7 25. Rxh7 Qxh7 26. Rf1 Be6 27. Rf6 Bf7 28. e6 Bxe6 29. Bxg6+ Nxg6 30. Rxe6+ Ne7 31. Rh6 Qg8 32. Qe5 Kd7 33. Rd6+ Ke8 34. Re6 Qh7 35. Ne2 Rd8 36. Nf4 Kd7 37. Nh5 1-0

[Event "Biel-14 Women"]
[Site "Biel"]
[Date "1981.08.02"]
[Round "9"]
[White "Thygesen, Else MS"]
[Black "Vreeken, Corry"]
[Result "1-0"]
[WhiteElo "1890"]
[BlackElo "2115"]
[PlyCount "63"]
[EventDate "1981.07.24"]
[EventType "tourn"]
[EventRounds "13"]
[EventCountry "SUI"]
[SourceTitle "EXT 1998"]
[Source "ChessBase"]
[SourceDate "1997.11.17"]
[SourceVersion "1"]
[SourceVersionDate "1997.11.17"]
[SourceQuality "1"]

1. d4 Nf6 2. c4 g6 3. Nc3 d5 4. Nf3 Bg7 5. Bg5 Ne4 6. cxd5 Nxg5 7. Nxg5 e6 8. Qd2 h6 9. Nf3 exd5 10. e3 0-0 11. Bd3 c6 12. h4 Qe7 13. h5 g5 14. 0-0-0 Bg4 15. Rde1 Nd7 16. Nh2 Bxh5 17. f4 f5 18. Bxf5 Rxf5 19. g4 Rff8 20. gxh5 gxf4 21. exf4 Qf6 22. Ne2 Qf5 23. Reg1 Rae8 24. Ng4 Kh7 25. Rh2 c5 26. Rhg2 cxd4 27. Ne3 dxe3 28. Rxg7+ Kh8 29. Qd4 Rc8+ 30. Nc3 Qf6 31. R7g6 Rc4 32. Rxh6# 1-0